Technological frontiers and foreign relations / (Record no. 124440)
[ view plain ]
| 000 -LEADER | |
|---|---|
| fixed length control field | 00890nam a22002657a 4500 |
| 005 - DATE AND TIME OF LATEST TRANSACTION | |
| control field | 20170124105939.0 |
| 010 ## - LIBRARY OF CONGRESS CONTROL NUMBER | |
| LC control number | A-839703 |
| 020 ## - INTERNATIONAL STANDARD BOOK NUMBER | |
| Terms of availability | 90.00 |
| 035 ## - SYSTEM CONTROL NUMBER | |
| System control number | A-839703 |
| 037 ## - SOURCE OF ACQUISITION | |
| Source of stock number/acquisition | Cen Lib/Ret |
| 040 ## - CATALOGING SOURCE | |
| Original cataloging agency | DPL |
| Language of cataloging | EN |
| 082 ## - DEWEY DECIMAL CLASSIFICATION NUMBER | |
| Classification number | 338.91 |
| Item number | TEC |
| 245 ## - TITLE STATEMENT | |
| Title | Technological frontiers and foreign relations / |
| Statement of responsibility, etc | edited by Anne G. Keatley |
| 260 ## - PUBLICATION, DISTRIBUTION, ETC. (IMPRINT) | |
| Place of publication, distribution, etc | New Delhi |
| Name of publisher, distributor, etc | Asian Books |
| Date of publication, distribution, etc | 1985 |
| 270 ## - ADDRESS | |
| City | New Delhi |
| Postal code | 110048 |
| 300 ## - PHYSICAL DESCRIPTION | |
| Extent | iv,306p. |
| Dimensions | 22cm(Hb) |
| 500 ## - GENERAL NOTE | |
| General note | Includes bibliographical references and index |
| 650 ## - SUBJECT ADDED ENTRY--TOPICAL TERM | |
| Topical term or geographic name as entry element | Technology -- United States |
| 9 (RLIN) | 10782 |
| 650 ## - SUBJECT ADDED ENTRY--TOPICAL TERM | |
| Topical term or geographic name as entry element | United States -- Foreign relations -- 1977-1981 |
| 9 (RLIN) | 10783 |
| 700 ## - ADDED ENTRY--PERSONAL NAME | |
| Personal name | Keatley, Anne G. |
| 9 (RLIN) | 10784 |
| 710 ## - ADDED ENTRY--CORPORATE NAME | |
| Corporate name or jurisdiction name as entry element | National Academy of Sciences, U.S. |
| 9 (RLIN) | 75345 |
| 710 ## - ADDED ENTRY--CORPORATE NAME | |
| Corporate name or jurisdiction name as entry element | National Academy of Engineering |
| 9 (RLIN) | 75355 |
| 710 ## - ADDED ENTRY--CORPORATE NAME | |
| Corporate name or jurisdiction name as entry element | Council on Foreign Relations |
| 9 (RLIN) | 75356 |
| 942 ## - ADDED ENTRY ELEMENTS (KOHA) | |
| Source of classification or shelving scheme | Dewey Decimal Classification |
| Koha item type | English Books |
| Classification part | 338.91 |
| Call number suffix | TEC |
| Withdrawn status | Lost status | Damaged status | Not for loan | Home library | Current library | Date acquired | Source of acquisition | Cost, normal purchase price | Total Checkouts | Full call number | Barcode | Date last seen | Copy number | Cost, replacement price | Price effective from | Koha item type | Public note |
|---|---|---|---|---|---|---|---|---|---|---|---|---|---|---|---|---|---|
| Written off | Central Library | Central Library | 16/06/2015 | Cen Lib/Ret | 90.00 | 338.91 TEC | A-839703 | 16/06/2015 | 1 | 90.00 | 16/06/2015 | English Books | Written off on approval by DLB (By Circulation); dtd 15-06-2023 |
